00453 2200169 4500001002100000005001500021035002000036007000300056008004100059020001500100082000800115084001400123100001600137245006200153260003200215300003600247INLIS00000000000721220210312105902 a0010-0321000582ta210312 g 0 ind  a9795840509 a586 a586 EDY a0 aEdy Karsono1 aahasia tumbuhan primitif dan tidak berbiji /cEdy Karsono aBandung :bCV Sulita,c2001 aiv, 60 hlm. ;c21 cm x 14, 8 cm